Brazil of today : natural wealth--economic forces--progress.

Bibliographic Details
Corporate Author: Brazil. Departamento Nacional da Indústria e Comércio
Format: Book
Language:English
Edition:Third edition. cf. p. [5].
Subjects:

MARC

Tag First Indicator Second Indicator Subfields
LEADER 00000cam a2200000 4500
001 in00000064196
005 20151008051747.0
008 800508s1931 bl bf s 00000 eng d
035 |a (OCoLC)06294395 
035 |9 AAG9824AM 
040 |a TXA  |c TXA  |d UtOrBLW 
049 |a TXAM  |c [74568] 
090 |a HC187  |b .B69 
092 |a 330.981  |b B827bt 
110 1 |a Brazil.  |b Departamento Nacional da Indústria e Comércio. 
245 1 0 |a Brazil of today :  |b natural wealth--economic forces--progress. 
250 |a Third edition. cf. p. [5]. 
264 3 |a Rio de Janeiro, Brazil :  |b [Printed by litho-typographia fluminense E. May & C.],  |c 1931. 
300 |a 214 pages, 2 unnumbered pages :  |b color plates, maps. 
336 |a text  |b txt  |2 rdacontent 
337 |a unmediated  |b n  |2 rdamedia 
338 |a volume  |b nc  |2 rdacarrier 
500 |a At head of title: Ministry of Labour, Industry, and Commerce. National Department of Commerce. 
651 0 |a Brazil  |x Economic conditions. 
651 0 |a Brazil  |x Statistics. 
999 |a MARS 
999 f f |s b12aca08-91ee-327c-bf66-aa6b52f5fddc  |i 7c8f5f8d-c539-3a95-93ba-8b9c724a0153  |t 0 
952 f f |p ric  |a Texas A&M University  |b Rellis Campus  |c Joint Library Facility  |d Remote Storage  |t 0  |e HC187 .B69  |h Library of Congress classification  |i unmediated -- volume  |m A14800710393 
998 f f |a HC187 .B69  |t 0  |l Remote Storage